000
00295nam a22001337a 4500
008
170906b xxu||||| |||| 00| 0 eng d
020
_a
9780940087538
041
_a
eng
080
_2
2ND
_a
72
100
_a
41
101
_a
ARK
245
_a
AUTOCAD TIPS AND TRICKS
_c
HEAD,G.O
942
_2
udc
_c
BK
999
_c
26408
_d
26408